书目信息 |
| 题名: |
石油石化企业环境保护技术
|
|
| 作者: | 方向晨 主编 | |
| 分册: | ||
| 出版信息: | 北京 中国石化出版社 2016.01 |
|
| 页数: | 384页 | |
| 开本: | 26cm | |
| 丛书名: | ||
| 单 册: | ||
| 中图分类: | X74 , X7 | |
| 科图分类: | ||
| 主题词: | 石油企业--shi you qi ye--企业环境保护--技术培训--教材 , 石油化工企业--shi you hua gong qi ye--企业环境保护--技术培训--教材 , 废物 , 废物处理 , 废物综合利用 | |
| 电子资源: | ||
| ISBN: | 978-7-5114-3773-0 | |
| 000 | 01144nam0 2200301 450 | |
| 001 | 2331125371 | |
| 005 | 20231124083859.07 | |
| 010 | @a978-7-5114-3773-0@dCNY75.00 | |
| 100 | @a20160330d2016 em y0chiy50 ea | |
| 101 | 0 | @achi |
| 102 | @aCN@b110000 | |
| 105 | @aak a 000yy | |
| 200 | 1 | @a石油石化企业环境保护技术@Ashi you shi hua qi ye huan jing bao hu ji shu@f本书主编方向晨 |
| 210 | @a北京@c中国石化出版社@d2016.01 | |
| 215 | @a384页@c图@d26cm | |
| 320 | @a有书目 (第383-384页) | |
| 330 | @a本书内容围绕环保专业技术技能, 从油气田生产到原油加工及石油石化生产过程, 全面介绍了清洁生产、环境监测、风险与应急要求、污染防治及土壤和地下水的治理与修复, 选取了典型应用案例, 论述了石油石化环保专业相关知识, 并拓展了本专业的前沿技术。 | |
| 333 | @a中国石化员工培训教材 | |
| 606 | 0 | @a石油企业@Ashi you qi ye@x企业环境保护@x技术培训@j教材 |
| 606 | 0 | @a石油化工企业@Ashi you hua gong qi ye@x企业环境保护@x技术培训@j教材 |
| 606 | 0 | @a废物 |
| 606 | 0 | @a废物处理 |
| 606 | 0 | @a废物综合利用 |
| 690 | @aX74@v5 | |
| 690 | @aX7@v4 | |
| 701 | 0 | @a方向晨@Afang xiang chen@4主编 |
| 801 | 0 | @aCN@b人天书店@c20160330 |
| 905 | @aBZT@dX7@e12 | |
| 石油石化企业环境保护技术/本书主编方向晨.-北京:中国石化出版社,2016.01 |
| 384页:图;26cm |
| 使用对象:中国石化员工培训教材 |
| ISBN 978-7-5114-3773-0:CNY75.00 |
| 本书内容围绕环保专业技术技能, 从油气田生产到原油加工及石油石化生产过程, 全面介绍了清洁生产、环境监测、风险与应急要求、污染防治及土壤和地下水的治理与修复, 选取了典型应用案例, 论述了石油石化环保专业相关知识, 并拓展了本专业的前沿技术。 |
| ● |
| 相关链接 |
|
|
|
正题名:石油石化企业环境保护技术
索取号:X7/12
 
预约/预借
| 序号 | 登录号 | 条形码 | 馆藏地/架位号 | 状态 | 备注 |
| 1 | 2001110412 | 2001110412 | 东辅楼二楼书库/ [索取号:X7/12] | 在馆 | |
| 2 | 2001110413 | 2001110413 | 东辅楼二楼书库/ [索取号:X7/12] | 在馆 | |
| 3 | 2001110414 | 2001110414 | 东辅楼二楼书库/ [索取号:X7/12] | 在馆 | |
| 4 | 2001110415 | 2001110415 | 东辅楼二楼书库/ [索取号:X7/12] | 在馆 | |
| 5 | 2001110416 | 2001110416 | 东辅楼二楼书库/ [索取号:X7/12] | 在馆 | |
| 6 | 2001110417 | 2001110417 | 东辅楼二楼书库/ [索取号:X7/12] | 在馆 | |
| 7 | 2001110418 | 2001110418 | 东辅楼二楼书库/ [索取号:X7/12] | 在馆 | |
| 8 | 2001110419 | 2001110419 | 东辅楼二楼书库/ [索取号:X7/12] | 在馆 | |
| 9 | 2001110420 | 2001110420 | 东辅楼二楼书库/ [索取号:X7/12] | 在馆 | |
| 10 | 2001110421 | 2001110421 | 东辅楼二楼书库/ [索取号:X7/12] | 在馆 | |
| 11 | 2001110422 | 2001110422 | 东辅楼二楼书库/ [索取号:X7/12] | 在馆 | |
| 12 | 2001110423 | 2001110423 | 东辅楼二楼书库/ [索取号:X7/12] | 在馆 | |
| 13 | 2001110424 | 2001110424 | 东辅楼二楼书库/ [索取号:X7/12] | 在馆 | |
| 14 | 2001110425 | 2001110425 | 东辅楼二楼书库/ [索取号:X7/12] | 在馆 | |
| 15 | 2001110426 | 2001110426 | 东辅楼二楼书库/ [索取号:X7/12] | 在馆 | |
| 16 | 2001110427 | 2001110427 | 东辅楼二楼书库/ [索取号:X7/12] | 在馆 | |
| 17 | 2001110428 | 2001110428 | 东辅楼二楼书库/ [索取号:X7/12] | 在馆 | |
| 18 | 2001110429 | 2001110429 | 东辅楼二楼书库/ [索取号:X7/12] | 在馆 | |
| 19 | 2001110430 | 2001110430 | 东辅楼二楼书库/ [索取号:X7/12] | 在馆 | |
| 20 | 2001110431 | 2001110431 | 东辅楼二楼书库/ [索取号:X7/12] | 在馆 | |
| 21 | 2001110432 | 2001110432 | 东辅楼二楼书库/ [索取号:X7/12] | 在馆 | |
| 22 | 2001110433 | 2001110433 | 东辅楼二楼书库/ [索取号:X7/12] | 在馆 | |
| 23 | 2001110434 | 2001110434 | 东辅楼二楼书库/ [索取号:X7/12] | 在馆 | |
| 24 | 2001110435 | 2001110435 | 东辅楼二楼书库/ [索取号:X7/12] | 在馆 | |
| 25 | 2001110436 | 2001110436 | 东辅楼二楼书库/ [索取号:X7/12] | 在馆 | |
| 26 | 2001110437 | 2001110437 | 东辅楼二楼书库/ [索取号:X7/12] | 在馆 | |
| 27 | 2001110438 | 2001110438 | 东辅楼二楼书库/ [索取号:X7/12] | 在馆 | |
| 28 | 2001110439 | 2001110439 | 东辅楼二楼书库/ [索取号:X7/12] | 在馆 | |
| 29 | 2001110440 | 2001110440 | 东辅楼二楼书库/ [索取号:X7/12] | 在馆 | |
| 30 | 2001110441 | 2001110441 | 东辅楼二楼书库/ [索取号:X7/12] | 在馆 |